Responses for Show #1604 - Thursday, July 18, 1991

1991 Seniors Tournament final game 1.

Contestants

[<< previous game]

Bob Olsen, a marketing teacher from Northbrook, Illinois

Lou Pryor, an attorney from New Canaan, Connecticut

Mary Webster, a Social Security quality assessor from Los Angeles, California

[next game >>]

Jeopardy! Round responses

ACTRESSES
MYTHOLOGY
COOKING
SCIENCE & NATURE
TRACK & FIELD
MUSICAL TERMS
    $100 16
Lucille Ball

Lou
    $100 1
Athens

Mary
    $100 24
corned beef

Lou
    $100 6
sweet

Mary
    $100 10
the shot put

Bob
    $100 13
encore

Bob
    $200 17
Shirley Temple

Bob
    $200 2
(Lou: What is a lion?)

a horse

MaryLou
    $200 26
(Lou: What is a knife?)

a needle

MaryLou
    $200 7
a sapphire

Lou
    $200 11
bamboo

Bob
    $200 18
a flat

Mary
    $300 22
Marilyn Monroe

Lou
    $300 3
(Lou: Who is Hercules?)

Orion

MaryLou
    $300 28
mayonnaise

Lou
    $300 8
a Komodo dragon

Lou
    $300 12
the mile

Mary
    $300 19
(Lou: What is presto?)

staccato

LouBob
    $400 23
Jane Russell

Mary
    $400 4
Osiris

Mary
    $400 29
a lattice

Mary
    $400 9
absolute zero

Bob
    $400 14
Bruce Jenner

Bob
    $400 20
a mariachi group

Lou
    $500 25
Bette Davis

Bob
    $1,000 5
[Applause]

the Sphinx

Mary
    $500 30
a cat's tongue

Lou
    $500 27
quartz

Lou
    $500 15
(Edwin) Moses

Bob
    $500 21
maracas

Bob

Scores at the first commercial break (after clue 13):

Mary Lou Bob
$2,400 $0 $800

Scores at the end of the Jeopardy! Round:

Mary Lou Bob
$3,600 $1,700 $3,200

Double Jeopardy! Round responses

19th CENTURY AMERICA
[NOTE: The "TH" was in smaller size uppercase and underlined]
MIDDLE NAMES
4-LETTER WORDS
WORLD GEOGRAPHY
LITERARY CHARACTERS
HATS
    $200 13
the Erie Canal

Lou
    $200 12
Hoover

Bob
    $200 23
(Lou: What is hast?)

hath

Lou
Triple Stumper
    $200 7
the Gobi

Bob
    $200 1
Casterbridge

Lou
    $200 6
a bonnet

Bob
    $400 18
Sam Houston

Mary
    $400 14
Hayes

Lou
    $400 24
coin

Bob
    $400 8
Spain

Bob
    $400 2
Dickens

Lou
    $400 19
rabbits

Bob
    $600 20
(John) Marshall

Bob
    $600 15
(Bob: Who is Al Smith?)

Alf Landon

Bob
Triple Stumper
    $600 25
keen

Lou
    $600 9
(Lou: What is the Rhine?)

the Elbe

Lou
Triple Stumper
    $600 3
Stephen Crane

Mary
    $600 28
a sailor hat (boater)

Bob
    $800 21
Siam

Lou
    $800 16
Lee

Lou
    $800 26
kirk

Lou
    $800 10
Australia

Bob
    $800 4
Daisy Miller

Triple Stumper
    $800 29
(Mary: What's a fez?)

a turban

MaryBob
    $1000 22
(Andrew) Jackson

Bob
    $1000 17
Learned

Bob
    $1,200 27
(Lou: Muck. What is [*]... and... [**]?)

muck & mire

Lou
    $1000 11
India

Lou
    $2,000 5
Svengali

Mary
    $1000 30
a kepi

Lou

Scores at the end of the Double Jeopardy! Round:

Mary Lou Bob
$5,800 $8,300 $9,200

Final Jeopardy! Round responses

TELEVISION
MaryWho is Carol Burnette?
$0
LouWho is Garland
$1,000
BobWho is Peggy Lee
$2,000
Dinah Shore

Final scores:

Mary Lou Bob
$5,800 $7,300 $7,200

Game dynamics:

Coryat scores:

Mary Lou Bob
$4,300 $8,100 $9,200
14 R
(including 2 DDs),
1 W
20 R
(including 1 DD),
6 W
22 R,
1 W

Combined Coryat: $21,600

[game clues] [game scores] [suggest correction]

Game tape date: 1991-03-26
The J! Archive is created by fans, for fans. Scraping, republication, monetization, and malicious use prohibited; this site may use cookies and collect identifying information. See terms. The Jeopardy! game show and all elements thereof, including but not limited to copyright and trademark thereto, are the property of Jeopardy Productions, Inc. and are protected under law. This website is not affiliated with, sponsored by, or operated by Jeopardy Productions, Inc. Join the discussion at JBoard.tv.